MESTSKÁ KNIŽNICA GIRALTOVCE  - online katalóg 

Matematika pre 3. roc gymnázií (Record no. 21303)

000 -NÁVESTIE
fixed length control field 00345nam a2200145 4500
008 - ÚDAJE S PEVNOU DĹŽKOU – VŠEOBECNÉ INFORMÁCIE
fixed length control field 170216s1994||||xo d
020 ## - MEDZINÁRODNÉ ŠTANDARDNÉ ČÍSLO KNIHY (ISBN)
Medzinárodné štandardné číslo knihy (ISBN) 80-08-02416-X
Údaje o dostupnosti 0
041 1# - KÓD JAZYKA
Kód jazyka textu/zvukovej stopy alebo samostatných nápisov slo
044 ## - KÓD KRAJINY VYDAVATEĽA/PRODUCENTA
Kód krajiny MARC xo
Kód krajiny ISO SK
245 10 - NÁZOV
Názov Matematika pre 3. roc gymnázií
250 ## - ÚDAJ O PORADÍ VYDANIA
Údaj o poradí vydania 3. vydanie
260 ## - VYDAVATEĽSKÉ ÚDAJE, DISTRIBÚCIA ATĎ.
Názov vydavateľa, distibútora atď. Svornost
Miesto publikovania, distribúcie atď. Bratislava
Dátum publikovania, distribúcie atď. 1994
300 ## - FYZICKÝ POPIS
Rozsah 78 s.
958 ## - Formálny deskriptor
Formálny deskriptor APR
Holdings
Stav stiahnutia (Blokovanie) (Withrawn status) Stav straty Stav poškodenia (Damaged status) Nie pre výpožičky (Not for loan) Spôsob nadobudnutia (Collection code) Trvalé umiestnenie Aktuálne umiestnenie Dátum nadobudnutia Inventárne číslo (prírastkové číslo) Full call number Dátum posledného výskytu Cena s účinnosťou od Typ jednotky Koha
        Dar Mestská knižnica Giraltovce Mestská knižnica Giraltovce 2017-02-16 19624 V307 2019-12-12 2019-12-12 Odborná literatúra pre dospelých

Powered by Koha